000 00844cam a2200241 a 4500
001 000005930
005 20200929151839.0
008 900802s1983 sp 001 p spa
020 _a8400055357
040 _aDO-SdBNP
_cDLC
_dDLC
082 _a861.64
_bR579m
100 1 _aRincón, Vicente,
_d1930-
_916719
245 1 0 _aMemoria de la piedra /
_cVicente Rincón.
260 _aZaragoza, España :
_bInstitución "Fernando el Católico",
_c1983.
300 _a59 p. ;
_c25 cm.
490 1 _a"San Jorge"
_vv. 35
490 1 _aPublicación de la Institución "Fernando el Católico"
_vno. 949.
650 4 _aPoesía española
_9631
650 4 _aLiteratura española
_9632
830 0 _a"San Jorge"
_vv. 35
_914363
830 0 _aPublicación de la Institución "Fernando el Católico" ;
_vno. 949.
_913716
910 _aCatalogación por copia / LC
999 _c5726
_d5726